[Event "Cullera op-B 29th"]
[Site "Cullera"]
[Date "2012.08.28"]
[Round "5"]
[White "Santandreu Gregori, David"]
[Black "Monera Puente, Cesar"]
[Result "1/2-1/2"]
[WhiteElo "1890"]
[BlackElo "1989"]
[PlyCount "67"]
[EventDate "2012.08.25"]
[EventType "swiss"]
[EventRounds "9"]
[EventCountry "ESP"]
[SourceTitle "CBM 150 Extra"]
[Source "ChessBase"]
[SourceDate "2012.10.19"]
[SourceVersion "1"]
[SourceVersionDate "2012.10.19"]
[SourceQuality "1"]

1. d4 f5 2. c4 Nf6 3. g3 e6 4. Bg2 Be7 5. Nf3 c6 6. Nc3 d5 7. 0-0 0-0 8. Bf4 Qe8 9. c5 Qh5 10. e3 Nbd7 11. Ne5 Qxd1 12. Rfxd1 Nxe5 13. Bxe5 Ng4 14. Bc7 Bd7 15. h3 Nf6 16. b4 Ne4 17. Bxe4 fxe4 18. h4 Rf7 19. Ne2 Raf8 20. Nf4 Bc8 21. Be5 Bd7 22. Rd2 Ra8 23. Rb2 Re8 24. a4 a6 25. b5 cxb5 26. axb5 Bxb5 27. Nxe6 Bc6 28. Nc7 Rc8 29. Ne6 Re8 30. Nf4 Bxc5 31. dxc5 Rxe5 32. Ne2 Re8 33. Nd4 Rc8 34. Rb6 1/2-1/2

[Event "Ideal Clave op 7th"]
[Site "Barcelona"]
[Date "2001.11.17"]
[Round "7"]
[White "Monera Puente, Cesar"]
[Black "Centeno Ortiz, Antonio"]
[Result "0-1"]
[WhiteElo "2100"]
[BlackElo "2080"]
[PlyCount "73"]
[EventDate "2001.09.29"]
[EventType "swiss"]
[EventRounds "8"]
[EventCountry "ESP"]
[SourceTitle "EXT 2003"]
[Source "ChessBase"]
[SourceDate "2002.11.25"]
[SourceVersion "1"]
[SourceVersionDate "2002.11.25"]
[SourceQuality "1"]

1. e4 c5 2. f4 d5 3. exd5 Nf6 4. Bb5+ Bd7 5. Bxd7+ Qxd7 6. c4 e6 7. Qe2 Bd6 8. d3 0-0 9. dxe6 fxe6 10. Nf3 Nc6 11. 0-0 e5 12. fxe5 Rae8 13. Qd2 Nxe5 14. Nc3 Rd8 15. Kh1 Bb8 16. Qe2 Nxd3 17. Nd5 Nxd5 18. Qxd3 Nb4 19. Qxd7 Rxd7 20. b3 Be5 21. Rb1 Nxa2 22. Ba3 Bf6 23. Bxc5 Rc8 24. Bxa7 Nc3 25. Rbe1 h6 26. Bb6 Rd3 27. Ne5 Rd2 28. Ba5 Rc2 29. Ng4 Bd4 30. Ne3 Rb2 31. Bxc3 Bxc3 32. Rb1 Re2 33. Nd5 Bd4 34. Ne7+ Rxe7 35. Rbd1 Bf6 36. Rd5 Rce8 37. Rb5 0-1

[Event "Ideal Clave op 7th"]
[Site "Barcelona"]
[Date "2001.11.10"]
[Round "6"]
[White "Chalmeta Ugas, Ramon"]
[Black "Monera Puente, Cesar"]
[Result "0-1"]
[WhiteElo "2015"]
[BlackElo "2100"]
[PlyCount "62"]
[EventDate "2001.09.29"]
[EventType "swiss"]
[EventRounds "8"]
[EventCountry "ESP"]
[SourceTitle "EXT 2003"]
[Source "ChessBase"]
[SourceDate "2002.11.25"]
[SourceVersion "1"]
[SourceVersionDate "2002.11.25"]
[SourceQuality "1"]

1. e4 e5 2. Nf3 Nc6 3. d4 exd4 4. c3 dxc3 5. Bc4 cxb2 6. Bxb2 d6 7. Nc3 Be6 8. Bxe6 fxe6 9. Qc2 Nf6 10. 0-0-0 e5 11. Rhe1 Qd7 12. Nxe5 Nxe5 13. f4 Nc4 14. e5 0-0-0 15. exf6 Nxb2 16. Kxb2 gxf6 17. Nd5 c6 18. Kb1 Kb8 19. Nxf6 Qf7 20. Ne4 Qxf4 21. Qb2 Rg8 22. g3 Qf5 23. Qc2 d5 24. Rf1 Qe5 25. Nc5 Bxc5 26. Qxc5 Qe4+ 27. Ka1 Qe5+ 28. Kb1 Qe2 29. Rde1 Qd3+ 30. Ka1 Rge8 31. Rxe8 Qxf1+ 0-1

[Event "Ideal Clave op 7th"]
[Site "Barcelona"]
[Date "2001.10.27"]
[Round "4"]
[White "Ciria Sanchez, Jose Antonio"]
[Black "Monera Puente, Cesar"]
[Result "0-1"]
[WhiteElo "1960"]
[BlackElo "2100"]
[PlyCount "80"]
[EventDate "2001.09.29"]
[EventType "swiss"]
[EventRounds "8"]
[EventCountry "ESP"]
[SourceTitle "EXT 2003"]
[Source "ChessBase"]
[SourceDate "2002.11.25"]
[SourceVersion "1"]
[SourceVersionDate "2002.11.25"]
[SourceQuality "1"]

1. e4 e5 2. Nf3 Nc6 3. Bc4 Bc5 4. b4 Bxb4 5. c3 Ba5 6. d4 exd4 7. Nxd4 Qf6 8. 0-0 Bb6 9. Be3 d6 10. Nxc6 bxc6 11. Bd4 Qg6 12. Qf3 Nf6 13. e5 Ne4 14. exd6 0-0 15. Re1 Nxd6 16. Bd3 Bf5 17. Bxf5 Nxf5 18. Bxb6 cxb6 19. Nd2 Rfe8 20. Nc4 Nh4 21. Qh3 Re4 22. Ne5 Re8 23. Qxh4 Rxh4 24. Nxg6 Rxe1+ 25. Rxe1 fxg6 26. g3 Ra4 27. Re2 Kf7 28. Kg2 Ra3 29. Rc2 b5 30. Kf1 Ke6 31. Ke2 Kd5 32. Kd3 b4 33. f4 c5 34. g4 c4+ 35. Kd2 b3 36. axb3 cxb3 37. Rb2 Kc4 38. h4 Ra2 39. Kc1 Kxc3 40. Rb1 Rg2 0-1